| 000 | 00764nam a2200205 a 4500 | ||
|---|---|---|---|
| 001 | 000251323 | ||
| 003 | AM-YEHGA | ||
| 005 | 20250618080112.0 | ||
| 008 | 030730s1905 gs ||||gr|||||||||1|arm|d | ||
| 040 | _aAM-YeHGA | ||
| 041 | 1 | _arus | |
| 100 | 1 | _aՎերեսաեւ, Վ. | |
| 245 | 1 | 0 |
_aՄի անմեղ մարդու սոսկալի մահը : _bԵղելութիւն / _cՎ. Վերեսաեւ ; Թարգմ.՝ Պ. Պռօշեանց. |
| 260 |
_aԹիֆլիս : _bՍտ. Լիսիցեանի եւ ընկ. հրատ, _bտպ. Հերմէս, _c1905. |
||
| 300 |
_a48 էջ ; _c17 սմ. |
||
| 650 | 1 | 4 |
_aՌուս գրականություն _xՊատմվածք _94645 |
| 700 | 1 |
_aՊռոշյան, Պերճ, _d1837-1907 _eթարգմ. _4trl _91588 |
|
| 942 |
_2udc _cBK |
||
| 090 | _c564915 | ||
| 999 |
_c527021 _d527021 |
||